000 01482nam0a2200337 i 4500
001 RU\NLR\BIBL_A\010398169
005 20260607060402.0
010 _a9785446503797
021 _aRU
_b2014-29763
_91830
035 _a(NILC)RuMoRGB-006807789
035 _a(NLR Aleph) 010398169
090 _a9697550
_c9697550
100 _a20140610d2014 u y0rusy50 ca
101 1 _arus
_ctib
102 _aRU
105 _ay z 000yy
200 1 _aСутра золотистого света
_aДвойная сутра
_f[Центр сохранения традиций махаяны "Ганден Тендар Линг"
_gред. Андрея Терентьева
_gпер. [с тибет.] Альгидрас Кугявичус]
210 _aМосква
_cБуки Веди
_d2014
215 _a253 с.
_d20
225 1 _aБиблиотека ФПМТ-Россия
606 _aБуддизм
_91062925
_3RU\NLR\AUTH\6694377
686 2 _aЭ35,0
702 1 _4340
_8rus
_7ca
_aТерентьев
_bА. А.
_cканд. ист. наук, буддолог
_f1948-
_gАндрей Анатольевич
_3RU\NLR\AUTH\77108632
_991557
702 1 _aКугявичус
_bА.
_gАльгирдас
_4730
712 0 2 _4570
_a"Ганден Тендар Линг", московский буддийский центр
_9408385
_3RU\NLR\AUTH\880370933
801 0 _aRU
_bРГБ
_c20140422
_gRCR
942 _cBOOK
980 _aNBR